000 00626nam a2200193Ia 4500
001 22633
003 GE_BSU
008 181216s||||||||xx |||||||||||||| ||und||
040 _cGE_BSU
245 _aГеография и природные ресурсы. №1. Январь-Матр 2018
245 _cГл. ред. В.М.Плюснин.
260 _aМосква
260 _c2018
300 _a224 стр. 29см. илл.
653 _aГеография и природные ресурсы. №1. Январь-Матр 2018
653 _aПериодика
653 _aპერიოდიკა
942 _cCR
999 _c55551
_d55551